| 000 | 00568nam a2200181 4500 | ||
|---|---|---|---|
| 003 | DO-SdBNP | ||
| 005 | 20171124113537.0 | ||
| 008 | 171124b1 ca 00| 0 spa d | ||
| 040 |
_aDO-SdBNP _bspa _cDO-SdBNP |
||
| 082 |
_axx _bxx |
||
| 100 |
_aTorres Rioseco, Arturo, _d1897-1971. |
||
| 245 |
_aThe epic of Latin American literature / _cArturo Torres RÃoseco. |
||
| 260 |
_a Los Angeles : _bUniversity of California Press, _c1967 |
||
| 300 |
_a277 p. ; _c20 cm. |
||
| 942 |
_2ddc _cBK |
||
| 945 | _aInventario extranjero / 2017 VM | ||
| 956 |
_aVMATEO _b10 _c20171124 _dBPMSU _f0069 |
||
| 999 |
_c13085 _d13085 |
||